| 000 | 01082nas a2200253 454500 | ||
|---|---|---|---|
| 001 | 53591 | ||
| 005 | 20260407193512.0 | ||
| 008 | 260407s1957####ag###########|||spa#d | ||
| 003 | AR-UNSa-BCEJYS | ||
| 040 |
_aAR-UNSa-BCEJYS _bspa _cAR-UNSa-BCEJYS |
||
| 080 |
_a34(094) _xFuentes legales. Documentos legales. Legislación en materia de Derecho |
||
| 245 | 1 | 0 |
_aAnales de Legislación Argentina _pRepertorio |
| 264 | 1 |
_aBuenos Aires : _bLa Ley _c1957 |
|
| 310 | _aFrecuencia: Irregular Cambia de Director a partir de 1970 por Carlos M. Oliva Vélez Cambia de Director a partir de 1983 por Carlos M. Oliva Vélez (h.) Cambia de Director a partir de 1989 por Enrique J. Alcorta Gaona | ||
| 505 | _a1. Índice numérico-cronològico de legislación nacional - 2. Índice numérico-cronológico de legislación provincial - 3. Índice general sistemático | ||
| 041 | _aspa | ||
| 942 | _cSER | ||
| 590 | _aniveau_biblio:s niveau_hierar:1 | ||
| 100 | 1 | _aFraga Patrao, Roberto | |
| 650 | _aDerecho | ||
| 650 | _aCONSTITUCIÓN NACIONAL | ||
| 650 | _aLegislación | ||
| 650 | _aLEYES | ||
| 999 |
_c8963 _d8963 |
||